Chemistry, matter, and the universe : (Record no. 9116)
[ view plain ]
| 000 -LEADER | |
|---|---|
| fixed length control field | 00816cam a22002652 4500 |
| 001 - CONTROL NUMBER | |
| control field | 9116 |
| 003 - CONTROL NUMBER IDENTIFIER | |
| rucl marc code | UkOxU |
| 005 - DATE AND TIME OF LATEST TRANSACTION | |
| control field | 20211208234723.0 |
| 008 - FIXED-LENGTH DATA ELEMENTS--GENERAL INFORMATION | |
| fixed length control field | 200114s1976 caua 001 0 eng |
| 020 ## - INTERNATIONAL STANDARD BOOK NUMBER | |
| International Standard Book Number | 0805323694 |
| 035 ## - SYSTEM CONTROL NUMBER | |
| System control number | OCLC ocm02283280 from D970813M |
| 040 ## - CATALOGING SOURCE | |
| Original cataloging agency | DLC |
| Transcribing agency | DLC |
| Modifying agency | EQO |
| Language of cataloging | eng |
| 041 ## - LANGUAGE CODE | |
| Language code of text/sound track or separate title | eng |
| 082 00 - DEWEY DECIMAL CLASSIFICATION NUMBER | |
| Classification number | 540 |
| Author mark and year | DIC 1976 |
| 100 1# - MAIN ENTRY--PERSONAL NAME | |
| Personal name | Dickerson, Richard Earl, |
| Dates associated with a name | 1931- |
| 9 (RLIN) | 28301 |
| 245 10 - TITLE STATEMENT | |
| Title | Chemistry, matter, and the universe : |
| Remainder of title | an integrated approach to general chemistry / |
| Statement of responsibility, etc. | Richard E. Dickerson, Irving Geis. |
| 260 ## - PUBLICATION, DISTRIBUTION, ETC. (IMPRINT) | |
| Place of publication, distribution, etc. | Menlo Park, Calif. : |
| Name of publisher, distributor, etc. | W. A. Benjamin, |
| Date of publication, distribution, etc. | c1976. |
| 300 ## - PHYSICAL DESCRIPTION | |
| Pagination | xv, 669 p. : |
| Illustrations | ill. ; |
| Size | 28 cm. |
| 500 ## - GENERAL NOTE | |
| General note | Includes index. |
| 650 #0 - SUBJECT ADDED ENTRY--TOPICAL TERM | |
| Topical term or geographic name as entry element | Chemistry. |
| 9 (RLIN) | 28302 |
| 700 1# - ADDED ENTRY--PERSONAL NAME | |
| Personal name | Geis, Irving. |
| 942 ## - ADDED ENTRY ELEMENTS (KOHA) | |
| Source of classification or shelving scheme | Dewey Decimal Classification |
| Koha item type | Books |
| Lost status | Source of classification or shelving scheme | Damaged status | Not for loan | Collection code | Permanent Location | Current Location | Shelving location | Date acquired | Source of acquisition | Total Checkouts | Full call number | Date last seen | Koha item type |
|---|---|---|---|---|---|---|---|---|---|---|---|---|---|
| Dewey Decimal Classification | Not For Loan | Fiction | Central Library, University of Rajshahi | Central Library, University of Rajshahi | 20/10/1990 | Canada gift | 540 DIC 1976 | 20/01/2014 | Books |